| 000 | 00768nam a2200229Ii 4500 | ||
|---|---|---|---|
| 003 | JO-AjNU | ||
| 008 | 230605s9999||||xx |||||||||||||| ||und|| | ||
| 017 | _a2004/19373 | ||
| 020 | _a977-327-252-6 | ||
| 040 |
_aJO-AjNU _bara _erda _cJO-AjNU |
||
| 041 | _aara | ||
| 050 | 1 | 4 | _aB741.2004 |
| 100 | 3 |
_aعبد الحفيظ،محمد, _eauthor _914796 |
|
| 245 | 0 | 0 | _aالفلسفة والاعتقاد الديني "وليم جيمس نموذجاً" |
| 250 | _aط1 | ||
| 264 | 3 | 1 | _aالاسكندرية:دار الوفاء لدنيا الطباعة والنشر ،2005 |
| 300 | _a201ص | ||
| 336 |
_atext _btxt _2rdacontent |
||
| 337 |
_aunmediated _bn _2rdamedia |
||
| 338 |
_avolume _bnc _2rdacarrier |
||
| 650 | 4 |
_a الدين -- فلسفة ونظريات _914797 |
|
| 999 |
_aA4030 _c7598 _d7598 |
||